Sports Quiz

Random Sports or Basketball Quiz

NBA Career Rebound Leaders Quiz Stats

 Plays Quiz Updated Jun 15, 2019

Score 0/30 Timer 07:00
11 Plays Today
Rebounds Player % Correct
23,924Wilt Chamberlain
91.4%
13,099Shaquille O'Neal
91.1%
17,440Kareem Abdul-Jabbar
83%
14,968Karl Malone
80.8%
21,620Bill Russell
80.6%
16,212Moses Malone
80.2%
11,954Dennis Rodman
74.4%
13,748Hakeem Olajuwon
73.3%
11,607Patrick Ewing
69.9%
11,489Dirk Nowitzki
68.5%
14,662Kevin Garnett
65.1%
13,184*Dwight Howard
64.5%
12,546Charles Barkley
64%
15,091Tim Duncan
55.5%
14,715Robert Parish
52.5%
Rebounds Player % Correct
12,359Dikembe Mutombo
44.8%
16,279Elvin Hayes
37.1%
11,463Elgin Baylor
35.1%
13,769Wes Unseld
34.2%
12,849Bob Pettit
32.3%
11,305*Pau Gasol
31.8%
11,256Dolph Schayes
27.3%
12,205Charles Oakley
26.7%
13,017Buck Williams
25.2%
11,901Kevin Willis
21.2%
14,464Nate Thurmond
21%
12,942Jerry Lucas
18.8%
14,241Walt Bellamy
17.7%
12,357Paul Silas
11.8%
11,054Bill Bridges
11.7%

You're not logged in!

Compare scores with friends on all Sporcle quizzes.
OR
Log In

Sporcle TV

Today on Sporcle TV


Watch our educational content, quiz creation guides, and fun videos on Sporcle TV.

Show Comments

Extras

Top Quizzes Today


Score Distribution

Your Account Isn't Verified!

In order to create a playlist on Sporcle, you need to verify the email address you used during registration. Go to your Sporcle Settings to finish the process.

Report this User

Report this user for behavior that violates our Community Guidelines.

Details: